000 01063nam a2200289 i 4500
001 105685
003 ES-MaACL
007 t|
008 060807s1959 ag ||||1| spa d
080 _a821.111-2"19"
100 1 _aSynge, John Millington.
_9108975
245 1 0 _aTeatro
_b: La sombra del valle ; Jinetes hacia el mar ; La boda del hojalatero ; El manantial de los santos ; El botarate del oeste ; Deirdre de los dolores /
_cJohn M. Synge ; traducción directa de Marta Acosta van Praet.
260 _aBuenos Aires :
_bLosada,
_c[1959]
300 _a245 p. ;
_c21 cm.
490 1 _aGran teatro del mundo
500 _aBiblioteca Juan Andrade.
700 1 _aAcosta van Praet, Marta.
_918322
740 3 _aLa sombra del valle.
740 0 _aJinetes hacia el mar.
740 3 _aLa boda del hojalatero.
740 3 _aEl manantial de los santos.
740 3 _aEl botarate del oeste.
740 0 _aDeirdre de los dolores.
830 0 0 _aGran teatro del mundo (Losada)
_9184853
852 _aES-MaACL
_jAND-498
_bR.109811
999 _c105685
_d105685